| 000 | 00416nam a22001337a 4500 | ||
|---|---|---|---|
| 008 | 230605b xxu||||| |||| 00| 0 eng d | ||
| 020 | _a9789966102089 | ||
| 082 |
_a330.97 _bKEN |
||
| 245 |
_aEconomic Survey 2019 _cKenya National Bureau of Statistics |
||
| 260 |
_aNairobi _bKenya National Bureau of Statistics _c2019 |
||
| 300 | _a324 P | ||
| 710 |
_bKenya National Bureau of Statistics _cNairobi _d2019 |
||
| 942 |
_2ddc _cBK |
||
| 999 |
_c265 _d265 |
||